Cross stitch gifts
| Main Author: | |
|---|---|
| Format: | Book |
| Published: |
London :
Merehurst Limited ,
1992
|
MARC
| LEADER | 00000cam a2200000 7i4500 | ||
|---|---|---|---|
| 001 | 0000074378 | ||
| 005 | 20200121.0 | ||
| 008 | 170727 | ||
| 020 | |a 1853911674 | ||
| 090 | 0 | 0 | |a 746.443 |b HAL |
| 100 | 0 | |a Hall, Dorothea | |
| 245 | 1 | 0 | |a Cross stitch gifts |c Dorothea Hall |
| 260 | |a London : |b Merehurst Limited , |c 1992 | ||
| 300 | |a 48p | ||
| 999 | |a 0000828899 |b Book |c Adult Collection |e Cawangan Mersing | ||
| 999 | |a 0000828900 |b Book |c Adult Collection |e Cawangan Muar | ||
| 999 | |a 0000828901 |b Book |c Adult Collection |e Cawangan Bandar Penawar | ||